00410cam a2200157ua 450000100060000000800390000602000180004504000090006308200120007210000270008424500450011125000130015626000510016930000100022065300220023010548190315n ii |||gr||||Z||||||eng a9780521543057 cMAIN a320.954 aPaul R Brass,eAuthor. aThe politics of india since independence a2nd rep. aNew Delhi:bCambridge university press,c2018. a403p. aPolitical science